Religion Quiz

Random Religion or Blitz Quiz

30 Second SPORCLE Blitz: Bible Books Quiz Stats

 Plays Quiz Updated Dec 12, 2018

Support Sporcle.
Go Orange.
Score 0/7 Timer 00:30
11 Plays Today
Letter Sample Book % Correct
PProverbs
82.1%
LLamentations
81.4%
RRuth
81.3%
EEzra
78.9%
CChronicles
64.6%
SSamuel
63.5%
OObadiah
45.9%

You're not logged in!

Compare scores with friends on all Sporcle quizzes.
OR
Log In
Forgot?

From the Vault

Premier League Golden Boot

by C_W_Browne

Sports 4m
Seems like it would be hard to kick with all that gold on your foot.
Remove Ads.
Support Sporcle.
Get the best of Sporcle when you Go Orange. This ad-free experience offers more features, more stats, and more fun while also helping to support Sporcle. Thank you for becoming a member.

Show Comments

Extras

Top Quizzes Today


Score Distribution

Your Account Isn't Verified!

In order to create a playlist on Sporcle, you need to verify the email address you used during registration. Go to your Sporcle Settings to finish the process.

Report this User

Report this user for behavior that violates our Community Guidelines.

Details: